Giáo trình nhập môn lập trình VB6

محفوظ في:
التفاصيل البيبلوغرافية
المؤلف الرئيسي: Phạm, Hữu Khang
التنسيق: كتاب
اللغة:Undetermined
منشور في: Hà Nội Lao động - Xã hội 2005
الموضوعات:
الوسوم: إضافة وسم
لا توجد وسوم, كن أول من يضع وسما على هذه التسجيلة!
Thư viện lưu trữ: Trung tâm Học liệu Trường Đại học Cần Thơ
LEADER 00628nam a2200193Ia 4500
001 CTU_95266
008 210402s9999 xx 000 0 und d
020 |c 89000 
082 |a 005.15 
082 |b Kh106 
100 |a Phạm, Hữu Khang 
245 0 |a Giáo trình nhập môn lập trình VB6 
245 0 |c Phạm Hữu Khang (Chủ biên) ; Đoàn Thiện Ngân hiệu đính 
260 |a Hà Nội 
260 |b Lao động - Xã hội 
260 |c 2005 
650 |a Visual basic (Computer program language) 
904 |i Mai Loan 
980 |a Trung tâm Học liệu Trường Đại học Cần Thơ